<?xml version="1.0" encoding="UTF-8"?>
<collection xmlns="http://www.loc.gov/MARC21/slim">
 <record>
  <leader>01591nam a2200229Ia 4500</leader>
  <controlfield tag="001">CTU_168388</controlfield>
  <controlfield tag="008">210402s9999    xx            000 0 und d</controlfield>
  <datafield tag="020" ind1=" " ind2=" ">
   <subfield code="c">17.90</subfield>
  </datafield>
  <datafield tag="082" ind1=" " ind2=" ">
   <subfield code="a">973.2</subfield>
  </datafield>
  <datafield tag="082" ind1=" " ind2=" ">
   <subfield code="b">K52</subfield>
  </datafield>
  <datafield tag="100" ind1=" " ind2=" ">
   <subfield code="a">King, David C.</subfield>
  </datafield>
  <datafield tag="245" ind1=" " ind2="0">
   <subfield code="a">Colonies and revolution</subfield>
  </datafield>
  <datafield tag="245" ind1=" " ind2="0">
   <subfield code="c">David C. King</subfield>
  </datafield>
  <datafield tag="260" ind1=" " ind2=" ">
   <subfield code="a">Hoboken, N.J.</subfield>
  </datafield>
  <datafield tag="260" ind1=" " ind2=" ">
   <subfield code="b">Wiley</subfield>
  </datafield>
  <datafield tag="260" ind1=" " ind2=" ">
   <subfield code="c">2003</subfield>
  </datafield>
  <datafield tag="520" ind1=" " ind2=" ">
   <subfield code="a">This first book in the American Heritage American Voices series will give you a rare glimpse into the day-to-day experiences of early Americans. You'll learn from fourteen-year-old George Washington about his Rules of Civility and Decent Behaviour (such as &quot;Do not laugh too much or too loud in public.&quot;); you'll read the testimony of an accused witch from the Salem witch trials; and you'll hear about the terrible conditions African slaves suffered when they were brought to America, from one of the slaves who survived. You'll also find out about what led up to the Boston Tea Party, what happened to the signers of the Declaration of Independence, and the daring mission of the first submarine (in 1776!).</subfield>
  </datafield>
  <datafield tag="650" ind1=" " ind2=" ">
   <subfield code="a">United States,United States,Nước Mỹ,Nước Mỹ</subfield>
  </datafield>
  <datafield tag="650" ind1=" " ind2=" ">
   <subfield code="x">History,Sources,Juvenile literature,History,Sources,Juvenile literature,Lịch sử,Nguồn,Văn học vị thành niên,Lịch sử,Nguồn,Văn học vị thành niên</subfield>
  </datafield>
  <datafield tag="650" ind1=" " ind2=" ">
   <subfield code="y">Colonial period, ca. 1600-1775,Revolution, 1775-1783,Thời kỳ thuộc địa, 1600-1775,Cách mạng, 1775-1783</subfield>
  </datafield>
  <datafield tag="904" ind1=" " ind2=" ">
   <subfield code="i">Trọng Hải</subfield>
  </datafield>
  <datafield tag="980" ind1=" " ind2=" ">
   <subfield code="a">Trung tâm Học liệu Trường Đại học Cần Thơ</subfield>
  </datafield>
 </record>
</collection>
